Statistics for Every Hampshire Parish (With Map)

Click here to take the quiz!

General Stats

  • This quiz has been taken 179 times
  • The average score is 47 of 268

Answers on the Map

Answers color-coded by a green-red scale on the quiz's map according to % correct below.
 

Answer Stats

Answers% Correct
Romsey
74%
Lyndhurst
71%
Andover
68%
Lymington and Pennington
68%
Alton
65%
Chandler's Ford
65%
Totton and Eling
65%
Beaulieu
62%
Brockenhurst
59%
Hedge End
59%
Kings Worthy
59%
Bishops Waltham
56%
Fordingbridge
56%
Ringwood
56%
Ashurst and Colbury
53%
Fleet
53%
Hythe and Dibden
53%
New Milton
53%
Petersfield
53%
West End
53%
Burley
50%
Fawley
50%
Odiham
50%
Old Basing and Lychpit
50%
Stockbridge
50%
Wickham
50%
Chilworth
47%
Exbury and Lepe
47%
Micheldever
47%
Otterbourne
47%
Bishopstoke
44%
Botley
44%
Four Marks
44%
Marchwood
44%
Nursling and Rownhams
44%
Yateley
44%
Compton and Shawford
41%
Deane
41%
Fair Oak and Horton Heath
41%
Olivers Battery
41%
Sway
41%
Twyford
41%
Colden Common
38%
Liss
38%
Martin
38%
Mottisfont
38%
North Baddesley
38%
Old Alresford
38%
Rowlands Castle
38%
Badger Farm
35%
Beech
35%
Boldre
35%
Bramshott and Liphook
35%
Bursledon
35%
Highclere
35%
Hursley
35%
Milford-on-sea
35%
East Meon
32%
Hamble-le-Rice
32%
Minstead
32%
West Meon
32%
Burghclere
29%
Copythorne
29%
Hook
29%
Kingsclere
29%
New Alresford
29%
Oakley
29%
Sherfield English
29%
Sopley
29%
Wellow
29%
Bighton
26%
Curdridge
26%
East Boldre
26%
East Dean
26%
Hordle
26%
Hound
26%
Ropley
26%
Whitchurch
26%
Ampfield
24%
Blackwater and Hawley
24%
Chawton
24%
Hambledon
24%
Owslebury
24%
Upham
24%
Allbrook
21%
Bransgore
21%
Ellingham, Harbridge and Ibsley
21%
Netley Marsh
21%
Sparsholt
21%
Hartley Wintney
18%
Horndean
18%
Stratfield Saye
18%
Stratfield Turgis
18%
Tadley
18%
Whiteley
18%
Barton Stacey
15%
Boarhunt
15%
Chilbolton
15%
Chineham
15%
Corhampton and Meonstoke
15%
Denny Lodge
15%
Dummer
15%
Kings Somborne
15%
Laverstoke
15%
Lockerley
15%
Overton
15%
Sherborne St John
15%
Whitehill
15%
Bentley
12%
Bramshaw
12%
Cheriton
12%
Exton
12%
Godshill
12%
Hale
12%
Itchen Stoke and Ovington
12%
Itchen Valley
12%
Littleton and Harestock
12%
Medstead
12%
Shedfield
12%
Silchester
12%
Southwick and Widley
12%
South Wonston
12%
Abbotts Ann
9%
Ashford Hill with Headley
9%
Bramdean and Hinton Ampner
9%
Bramley
9%
Candovers
9%
Chilcomb
9%
Crawley
9%
Denmead
9%
Durley
9%
Headbourne Worthy
9%
Headley
9%
Hyde
9%
Lindford
9%
Romsey Extra
9%
Sherfield on Loddon
9%
Steep
9%
Wherwell
9%
Winchfield
9%
Wonston
9%
Amport
6%
Ashley
6%
Bentworth
6%
Bishops Sutton
6%
Bradley
6%
Braishfield
6%
Bramshill
6%
Buriton
6%
Charlton
6%
Church Crookham
6%
Clanfield
6%
Crondall
6%
Droxford
6%
East Tisted
6%
Enham Alamein
6%
Fyfield
6%
Grateley
6%
Grayshott
6%
Greatham
6%
Kingsley
6%
Long Sutton
6%
Mapledurwell and Up Nately
6%
Newlands
6%
Popham
6%
Preston Candover
6%
Selborne
6%
Soberton
6%
St. Mary Bourne
6%
Swanmore
6%
West Tisted
6%
Appleshaw
3%
Ashmansworth
3%
Awbridge
3%
Baughurst
3%
Beauworth
3%
Binsted
3%
Bossington
3%
Breamore
3%
Bullington
3%
Cliddesden
3%
Colemore and Priors Dean
3%
Crookham Village
3%
Damerham
3%
Dogmersfield
3%
East Woodhay
3%
Ecchinswell, Sydmonton and Bishops Green
3%
Ellisfield
3%
Elvetham Heath
3%
Eversley
3%
Ewshot
3%
Faccombe
3%
Farleigh Wallop
3%
Farringdon
3%
Froxfield and Privett
3%
Froyle
3%
Goodworth Clatford
3%
Greywell
3%
Hartley Wespall
3%
Hawkley
3%
Heckfield
3%
Herriard
3%
Houghton
3%
Hurstbourne Priors
3%
Hurstbourne Tarrant
3%
Kimpton
3%
Langrish
3%
Lasham
3%
Leckford
3%
Linkenholt
3%
Litchfield and Woodcott
3%
Little Somborne
3%
Longparish
3%
Longstock
3%
Mattingley
3%
Melchet Park and Plaitford
3%
Michelmersh and Timsbury
3%
Monk Sherborne
3%
Monxton
3%
Nether Wallop
3%
Newnham
3%
Newton Valence
3%
Newtown
3%
Northington
3%
North Waltham
3%
Nutley
3%
Over Wallop
3%
Penton Grafton
3%
Penton Mewsey
3%
Quarley
3%
Rockbourne
3%
Rotherwick
3%
Sandleheath
3%
Shalden
3%
Sheet
3%
Sherfield Park
3%
Shipton Bellinger
3%
Smannell
3%
South Warnborough
3%
Steventon
3%
Stroud
3%
Tangley
3%
Thruxton
3%
Tichborne
3%
Tunworth
3%
Upper Clatford
3%
Upton Grey
3%
Valley Park
3%
Vernhams Dean
3%
Warnford
3%
Weston Corbett
3%
Weston Patrick
3%
West Tytherley
3%
Whitsbury
3%
Wield
3%
Winslade
3%
Woodgreen
3%
Wootton St. Lawrence
3%
Worldham
3%
Broughton
0%
Buckholt
0%
East Tytherley
0%
Frenchmoor
0%
Hannington
0%
Kilmiston
0%
Mortimer West End
0%
Pamber
0%
Rooksdown
0%

Score Distribution

Percentile by Number Answered

Percent of People with Each Score

Your Score History

You have not taken this quiz